000 00764nam a2200205 a 4500
008 120416s1971 ||||||||||||||||| || u
020 _a0471716251
050 _aT 57.62 Rei
100 _aReitman, Julian
245 1 0 _aComputer simulation applications
246 _adiscrete-event simulation for synthesis and analysis of complex systems
260 _aNew York
_bWiley-Interscience
_c1971
300 _axiv, 422p. : ill.
350 _a0.00
490 _aWiley series on systems engineering and analysis
500 _aBibliography
650 _aCOMPUTING
650 _aDIGITAL COMPUTER SIMULATION
995 _D0.00
_FCBU-MAIN LIBRARY (Kitwe)
_H1
_I6.50
_M1
_UAVAILABLE
_ZMain Library Open Access Collection
999 _c38256
_d38256